书目信息 |
| 题名: |
概率论与数理统计
|
|
| 作者: | 关劲秋 , 杨文泉 , 刘春妍 主编 | |
| 分册: | ||
| 出版信息: | 北京 清华大学出版社 2023 |
|
| 页数: | 183页 | |
| 开本: | 26cm | |
| 丛书名: | 高等院校公共基础课程教材 | |
| 单 册: | ||
| 中图分类: | O21 | |
| 科图分类: | ||
| 主题词: | 概率论--高等学校--教材 , 数理统计--高等学校--教材 | |
| 电子资源: | ||
| ISBN: | 978-7-302-64014-1 | |
| 000 | 00994nam0 2200301 450 | |
| 001 | 012714057 | |
| 005 | 20240118151813.0 | |
| 010 | @a978-7-302-64014-1@dCNY48.00 | |
| 100 | @a20231226d2023 em y0chiy0120 ea | |
| 101 | 0 | @achi |
| 102 | @aCN@b110000 | |
| 105 | @ak z 000yy | |
| 106 | @ar | |
| 200 | 1 | @a概率论与数理统计@9gai lv lun yu shu li tong ji@f关劲秋,杨文泉,刘春妍主编 |
| 210 | @a北京@c清华大学出版社@d2023 | |
| 215 | @a183页@d26cm | |
| 225 | @a高等院校公共基础课程教材 | |
| 300 | @a高等院校公共基础课程教材 | |
| 330 | @a本书介绍了概率论与数理统计的基本概念、理论与方法,主要内容包括概率论的基本概念、随机变量及其分布、多维随机变量及其分布、随机变量的数字特征等。 | |
| 586 | @a | |
| 606 | 0 | @a概率论@x高等学校@j教材 |
| 606 | 0 | @a数理统计@x高等学校@j教材 |
| 690 | @aO21@v5 | |
| 701 | 0 | @a关劲秋@9guan jin qiu@4主编 |
| 701 | 0 | @a杨文泉@9yang wen quan@4主编 |
| 701 | 0 | @a刘春妍@9liu chun yan@4主编 |
| 801 | 0 | @aCN@c20240119 |
| 905 | @dO21@eG544@f2@sO21/G544@S@Z | |
| 概率论与数理统计/关劲秋,杨文泉,刘春妍主编.-北京:清华大学出版社,2023 |
| 183页;26cm.-(高等院校公共基础课程教材) |
| 高等院校公共基础课程教材 |
| ISBN 978-7-302-64014-1:CNY48.00 |
| 本书介绍了概率论与数理统计的基本概念、理论与方法,主要内容包括概率论的基本概念、随机变量及其分布、多维随机变量及其分布、随机变量的数字特征等。 |
| ● |
| 相关链接 |
|
|
|
正题名:概率论与数理统计
索取号:O21/G544
 
预约/预借
| 序号 | 登录号 | 条形码 | 馆藏地/架位号 | 状态 | 备注 |
| 1 | 21618336 | 216183369 | 自科库401/401自科库 46排2列1层/ [索取号:O21/G544] | 在馆 | |
| 2 | 21618337 | 216183378 | 自科库401/401自科库 46排2列1层/ [索取号:O21/G544] | 在馆 |